000 00642nam a2200229 i 4500
001 C2-0082790
003 PPAK
005 20180727085141.0
008 970429s1992 enka|||| ||||| | eng d
020 _a0851129633
040 _aPPAK
_beng
_cPPAK
_erda
082 0 4 _a574.03
_223
090 0 0 _a574.03
_bGUI
_dR
245 0 4 _aThe guinness encyclopedia of the living world
264 1 _aMiddlesex :
_bGuinness Pub. ,
_c1992
300 _a306 pages :
_bcolour illustrations ;
_c29 cm
336 _2rdacontent
_atext
337 _2rdamedia
_aunmediated
338 _2rdacarrier
_avolume
650 1 0 _aBiology - Encyclopedias
942 _ddc
_cB
999 _c15483
_d15483